Engineering Drawing (Record no. 12042)

MARC details
000 -LEADER
fixed length control field 00396nam a22001697a 4500
003 - CONTROL NUMBER IDENTIFIER
control field OSt
008 - FIXED-LENGTH DATA ELEMENTS--GENERAL INFORMATION
fixed length control field 230512b |||||||| |||| 00| 0 eng d
020 ## - INTERNATIONAL STANDARD BOOK NUMBER
International Standard Book Number 9789350143155
082 ## - DEWEY DECIMAL CLASSIFICATION NUMBER
Classification number 604.2 GIE
100 ## - MAIN ENTRY--PERSONAL NAME
Personal name GILL,Pritam Singh
245 ## - TITLE STATEMENT
Title Engineering Drawing
250 ## - EDITION STATEMENT
Edition statement 13th Ed Rep
260 ## - PUBLICATION, DISTRIBUTION, ETC. (IMPRINT)
Place of publication, distribution, etc New Delhi
Name of publisher, distributor, etc Katson
Date of publication, distribution, etc 2021
300 ## - PHYSICAL DESCRIPTION
Extent 678
650 ## - SUBJECT ADDED ENTRY--TOPICAL TERM
Topical term or geographic name as entry element Decentralization
942 ## - ADDED ENTRY ELEMENTS (KOHA)
Source of classification or shelving scheme Dewey Decimal Classification
Koha item type Reference Books
Holdings
Withdrawn status Lost status Source of classification or shelving scheme Damaged status Not for loan Collection code Home library Current library Date acquired Source of acquisition Currency Cost, normal purchase price Bill Number Total Checkouts Full call number Acc. no. / Barcode Date last seen Date last borrowed Actual Cost, discounted price Bill Date Koha item type Public note
    Dewey Decimal Classification     B.Tech(CSE) PIET C-LIBRARY PIET C-LIBRARY 15/04/2023 Virendra Book and Stationery IN RUPEES 595.00 3815 2 604.2 GIE 34996 28/05/2026 21/05/2026 476.00 15/04/2023 Text Books Decentralization

Design & Developed by: PIET Central Library
R70 Miles Stone Pattikalyana Samalkha Panipat 132102
mail ID :- [email protected], Phone No:- 0180-2569700 Ex.216